[Event "Sao Paulo Pascoa op"]
[Site "Sao Paulo"]
[Date "2024.03.29"]
[Round "2"]
[White "Fernandez Barrero, Javier"]
[Black "Gilly, Leonardo Silva"]
[Result "1-0"]
[WhiteElo "1830"]
[BlackElo "1800"]
[PlyCount "49"]
[EventDate "2024.03.29"]
[EventType "swiss"]
[EventRounds "6"]
[EventCountry "BRA"]
[SourceTitle "CBM 219 Extra"]
[Source "ChessBase"]
[SourceDate "2024.05.31"]
[SourceVersion "1"]
[SourceVersionDate "2024.05.31"]
[SourceQuality "1"]

1. e4 e5 2. Nf3 Nc6 3. Bb5 Nf6 4. d3 a6 5. Bxc6 dxc6 6. Nxe5 Be7 7. 0-0 0-0 8. Nc3 Re8 9. h3 h6 10. Be3 Bf8 11. f4 Nd7 12. Nxd7 Bxd7 13. f5 Qf6 14. Qe1 g6 15. fxg6 Qxg6 16. Qh4 Bg7 17. Rf3 Qh7 18. Raf1 Be6 19. Ne2 Rf8 20. Bd4 Bxd4+ 21. Nxd4 Kh8 22. Nxe6 Qg6 23. Rf6 Rg8 24. Qxh6+ Qxh6 25. Rxh6# 1-0

[Event "Sao Paulo Sampa op"]
[Site "Sao Paulo"]
[Date "2024.01.29"]
[Round "1"]
[White "De Albuquerque, Ian Telek C"]
[Black "Fernandez Barrero, Javier"]
[Result "1-0"]
[WhiteElo "2089"]
[BlackElo "1743"]
[PlyCount "71"]
[EventDate "2024.01.29"]
[EventType "swiss"]
[EventRounds "9"]
[EventCountry "BRA"]
[SourceTitle "CBM 218 Extra"]
[Source "ChessBase"]
[SourceDate "2024.03.31"]
[SourceVersion "1"]
[SourceVersionDate "2024.03.31"]
[SourceQuality "1"]

1. e4 e5 2. f4 d5 3. exd5 Qxd5 4. Nc3 Qe6 5. fxe5 Qxe5+ 6. Be2 Bg4 7. d4 Qe6 8. Bf4 Bb4 9. Qd3 Ne7 10. Nf3 Nd5 11. Bd2 Nxc3 12. bxc3 Be7 13. 0-0 Nd7 14. Rae1 0-0-0 15. Ng5 Bxg5 16. Bxg5 f6 17. Bf3 Ne5 18. Rxe5 fxe5 19. d5 Qf5 20. Bxd8 Rxd8 21. Be4 Qh5 22. Rb1 Rd6 23. c4 Be2 24. Qe3 Rb6 25. Rxb6 axb6 26. c5 b5 27. c6 b6 28. Qa3 Kd8 29. Qa8+ Ke7 30. Qc8 Qh6 31. Qxc7+ Kf8 32. Qd8+ Kf7 33. Qd7+ Kf6 34. Qf5+ Ke7 35. Qxe5+ Kf8 36. h3 1-0